Historia coelestis britannica (Record no. 579)
[ view plain ]
| 000 -LEADER | |
|---|---|
| fixed length control field | 00461nam a2200169Ia 4500 |
| 003 - CONTROL NUMBER IDENTIFIER | |
| control field | IN-BaIIA |
| 008 - FIXED-LENGTH DATA ELEMENTS--GENERAL INFORMATION | |
| fixed length control field | 211028s9999 xx 000 0 eng d |
| 040 ## - CATALOGING SOURCE | |
| Transcribing agency | IIA Library |
| 080 ## - UNIVERSAL DECIMAL CLASSIFICATION NUMBER | |
| Universal Decimal Classification number | 083.8:524 |
| Item number | FLA-3 |
| 100 ## - MAIN ENTRY--PERSONAL NAME | |
| Personal name | Flameteed, John |
| 9 (RLIN) | 1170 |
| 245 #0 - TITLE STATEMENT | |
| Title | Historia coelestis britannica |
| Remainder of title | vol. 3 |
| Statement of responsibility, etc. | John Flameteed |
| 260 ## - PUBLICATION, DISTRIBUTION, ETC. | |
| Place of publication, distribution, etc. | London |
| Name of publisher, distributor, etc. | Greenwich Observatory |
| Date of publication, distribution, etc. | 1725 |
| 300 ## - PHYSICAL DESCRIPTION | |
| Extent | 164p. |
| 500 ## - GENERAL NOTE | |
| General note | Journal accn no; 3817 |
| 650 ## - SUBJECT ADDED ENTRY--TOPICAL TERM | |
| Topical term or geographic name entry element | Star Catalogue |
| 9 (RLIN) | 545 |
| 942 ## - ADDED ENTRY ELEMENTS (KOHA) | |
| Koha item type | Books |
| Withdrawn status | Lost status | Damaged status | Not for loan | Home library | Current library | Shelving location | Date acquired | Total Checkouts | Full call number | Barcode | Date last seen | Price effective from | Koha item type |
|---|---|---|---|---|---|---|---|---|---|---|---|---|---|
| IIA Library-Bangalore | IIA Library-Bangalore | General Stacks | 083.8:524/ FLA-3 | 600 | 05/11/2021 | Books |